| 000 | 00830nam a22002537a 4500 | ||
|---|---|---|---|
| 999 |
_c6906 _d6906 |
||
| 001 | 19733 | ||
| 003 | BD-DhUAP | ||
| 005 | 20210110120017.0 | ||
| 008 | 210110r20112016ii a b 001 0 eng | ||
| 020 | _a9781259001642 | ||
| 020 | _a1259001644 | ||
| 040 |
_aDLC _cDLC _dBD-DhUAP _bEng |
||
| 082 | 0 | 0 |
_a658.4012 PEA _223 |
| 100 | 1 | _aPearce, John A. | |
| 245 | 1 | 0 |
_aStrategic management : _bformulation, implementation, and control / _cJohn A. Pearce , Richard B. Robinson and Amita Mital. |
| 250 | _a12th ed. | ||
| 260 |
_aNew Delhi : _bTata McGraw-Hill Education, _cc2011 [Reprinted 2016]. |
||
| 300 |
_axxiv, 834 pages : _billustrations ; _c26 cm. |
||
| 504 | _aIncludes bibliographical references and index. | ||
| 650 | 0 | _aStrategic planning. | |
| 700 | 1 | _aRobinson, Richard B. | |
| 700 | 1 | _aMital, Amita. | |
| 942 |
_2ddc _cBK |
||